[Event "Montreal-B"]
[Site "Montreal CAN"]
[Date "2004.08.04"]
[Round "1"]
[White "Garcia, Gildardo"]
[Black "Lawson, Eric"]
[Result "1/2-1/2"]
[WhiteElo "2461"]
[BlackElo "2276"]
[PlyCount "118"]
[GameId "2160767911086467"]
[EventDate "2004.08.04"]
[EventType "tourn"]
[EventRounds "11"]
[EventCountry "CAN"]
[EventCategory "8"]
[SourceTitle "CBM 101 Extra"]
[Source "ChessBase"]
[SourceDate "2004.09.01"]
[SourceVersion "2"]
[SourceVersionDate "2004.09.01"]
[SourceQuality "1"]

1. e4 c5 2. Nf3 Nc6 3. Bb5 g6 4. Bxc6 dxc6 5. d3 Bg7 6. Nc3 Nf6 7. O-O Bg4 8. h3 Bxf3 9. Qxf3 Nd7 10. Qg3 O-O 11. Bd2 c4 12. dxc4 Ne5 13. Rad1 Nxc4 14. Bh6 Qb8 15. Bf4 e5 16. Bc1 Rd8 17. b3 Nb6 18. Qh4 Qc7 19. Bg5 Rd4 20. Ne2 Rd6 21. Be7 Rd7 22. Bg5 Rf8 23. Qg4 f6 24. Qe6+ Kh8 25. Be3 Rfd8 26. Nc3 Qc8 27. Qg4 f5 28. Qe2 Bf6 29. a4 f4 30. Bc5 Be7 31. Bxe7 Rxe7 32. a5 Na8 33. Rxd8+ Qxd8 34. a6 b5 35. Qg4 Qd7 36. Rd1 Qxg4 37. hxg4 Nc7 38. Rd6 Re6 39. Rd8+ Re8 40. Rd6 Re6 41. Rd8+ Re8 42. Rxe8+ Nxe8 43. Na2 c5 44. Nc1 c4 45. bxc4 bxc4 46. Na2 Nc7 47. Nb4 Kg7 48. Nc6 Kf6 49. Nxa7 Nxa6 50. Nb5 f3 51. gxf3 Kg5 52. Nd6 c3 53. Nb5 Nb4 54. Nxc3 Nxc2 55. Kg2 h5 56. gxh5 gxh5 57. f4+ Kxf4 58. Nd5+ Kxe4 59. Nf6+ Kf5 1/2-1/2

[Event "Montreal-B"]
[Site "Montreal CAN"]
[Date "2004.08.04"]
[Round "1"]
[White "Krnan, Tomas"]
[Black "Tseitlin, Mark D"]
[Result "1/2-1/2"]
[WhiteElo "2331"]
[BlackElo "2484"]
[PlyCount "101"]
[GameId "2160767911086468"]
[EventDate "2004.08.04"]
[EventType "tourn"]
[EventRounds "11"]
[EventCountry "CAN"]
[EventCategory "8"]
[SourceTitle "CBM 101 Extra"]
[Source "ChessBase"]
[SourceDate "2004.09.01"]
[SourceVersion "2"]
[SourceVersionDate "2004.09.01"]
[SourceQuality "1"]

1. e4 e5 2. Nf3 Nc6 3. Bb5 a6 4. Ba4 Nf6 5. O-O Be7 6. Re1 b5 7. Bb3 O-O 8. c3 d5 9. exd5 Nxd5 10. Nxe5 Nxe5 11. Rxe5 Bb7 12. d4 Qd7 13. h3 Bf6 14. Re1 Rfe8 15. Bd2 Rxe1+ 16. Qxe1 Re8 17. Qf1 Ne7 18. Na3 c5 19. Rd1 cxd4 20. Be3 Nf5 21. Bxd4 Nxd4 22. cxd4 g6 23. Nc2 a5 24. a4 bxa4 25. Bc4 Rb8 26. Ne3 h5 27. Bb5 Qd6 28. Qc4 Be4 29. d5 Qb4 30. Qxb4 axb4 31. Bxa4 Bxb2 32. Nc4 Bf6 33. Nd6 Bf5 34. Nxf5 gxf5 35. Bb3 Rc8 36. Rd3 Rc1+ 37. Kh2 h4 38. d6 Rc3 39. Rxc3 bxc3 40. Kg1 Kf8 41. Kf1 Be5 42. d7 Ke7 43. Ba4 Bc7 44. Ke2 f4 45. Kd3 f3 46. gxf3 Ba5 47. f4 Kd6 48. Ke4 Bd8 49. Kd4 Bf6+ 50. Kc4 Ke6 51. Kd3 1/2-1/2

[Event "Montreal-B"]
[Site "Montreal CAN"]
[Date "2004.08.04"]
[Round "1"]
[White "Stripunsky, Alexander"]
[Black "Divljan, Igor"]
[Result "0-1"]
[WhiteElo "2553"]
[BlackElo "2317"]
[PlyCount "92"]
[GameId "2160767911086469"]
[EventDate "2004.08.04"]
[EventType "tourn"]
[EventRounds "11"]
[EventCountry "CAN"]
[EventCategory "8"]
[SourceTitle "CBM 101 Extra"]
[Source "ChessBase"]
[SourceDate "2004.09.01"]
[SourceVersion "2"]
[SourceVersionDate "2004.09.01"]
[SourceQuality "1"]

1. e4 c5 2. Nf3 e6 3. d3 d5 4. Qe2 Nf6 5. g3 Be7 6. Bg2 Nc6 7. O-O O-O 8. e5 Ne8 9. c4 Nc7 10. Na3 Bd7 11. h4 b5 12. b3 b4 13. Nc2 f5 14. d4 cxd4 15. Nfxd4 Bc5 16. Be3 Nxd4 17. Nxd4 Qe7 18. Rfd1 Bxd4 19. Bxd4 Bc6 20. f4 Rfc8 21. Rac1 Qe8 22. Be3 dxc4 23. Bxc6 Qxc6 24. Rxc4 Qe8 25. Rxb4 Nd5 26. Rxd5 exd5 27. Qd3 Qe6 28. Rb5 Rd8 29. Bc5 Qa6 30. a4 Rab8 31. Be7 Rdc8 32. Qxd5+ Kh8 33. Rxb8 Rxb8 34. Qd6 Qb7 35. Bd8 Qxb3 36. Kh2 h6 37. Bf6 Qb6 38. Qxb6 axb6 39. Be7 Ra8 40. g4 Rxa4 41. Kg3 fxg4 42. Kxg4 b5 43. e6 b4 44. Bd6 b3 45. Be5 Kg8 46. Kf5 Ra5 0-1

[Event "Montreal-B"]
[Site "Montreal CAN"]
[Date "2004.08.04"]
[Round "1"]
[White "Teplitsky, Yan"]
[Black "Mikhalevski, Victor"]
[Result "1-0"]
[WhiteElo "2440"]
[BlackElo "2551"]
[PlyCount "61"]
[GameId "2160767911086470"]
[EventDate "2004.08.04"]
[EventType "tourn"]
[EventRounds "11"]
[EventCountry "CAN"]
[EventCategory "8"]
[SourceTitle "CBM 101 Extra"]
[Source "ChessBase"]
[SourceDate "2004.09.01"]
[SourceVersion "2"]
[SourceVersionDate "2004.09.01"]
[SourceQuality "1"]

1. d4 Nf6 2. Nf3 g6 3. Nc3 d5 4. Bf4 Bg7 5. e3 O-O 6. Be2 b6 7. Ne5 e6 8. O-O Bb7 9. a4 Nfd7 10. Nf3 c5 11. a5 bxa5 12. Bd6 Re8 13. Nb5 Na6 14. Bg3 Bf8 15. Qd2 Nf6 16. Qxa5 Ne4 17. Bf4 Qe7 18. Nd2 Nxd2 19. Qxd2 Qd8 20. Ra4 f6 21. Rfa1 Qb6 22. Nd6 Bxd6 23. Rxa6 Bxf4 24. Rxb6 axb6 25. Rxa8 Rxa8 26. exf4 Ra1+ 27. Bd1 cxd4 28. h4 e5 29. fxe5 fxe5 30. Kh2 Ba6 31. Bg4 1-0

[Event "Montreal-B"]
[Site "Montreal CAN"]
[Date "2004.08.05"]
[Round "2"]
[White "Divljan, Igor"]
[Black "Garcia, Gildardo"]
[Result "1/2-1/2"]
[WhiteElo "2317"]
[BlackElo "2461"]
[PlyCount "116"]
[GameId "2160767911086471"]
[EventDate "2004.08.04"]
[EventType "tourn"]
[EventRounds "11"]
[EventCountry "CAN"]
[EventCategory "8"]
[SourceTitle "CBM 101 Extra"]
[Source "ChessBase"]
[SourceDate "2004.09.01"]
[SourceVersion "2"]
[SourceVersionDate "2004.09.01"]
[SourceQuality "1"]

1. d4 Nf6 2. c4 e6 3. Nf3 d5 4. Nc3 Be7 5. Bg5 h6 6. Bh4 O-O 7. e3 b6 8. Qc2 dxc4 9. Bxc4 Bb7 10. O-O Nbd7 11. e4 a6 12. Rfd1 b5 13. Bd3 Nh5 14. Bg3 Nxg3 15. hxg3 c5 16. dxc5 Nxc5 17. Bxb5 axb5 18. Rxd8 Rfxd8 19. Rd1 b4 20. Rxd8+ Rxd8 21. Nb5 Bxe4 22. Qc1 Ra8 23. a3 b3 24. Qe3 Rd8 25. Nbd4 Rd5 26. Kh2 Rh5+ 27. Kg1 Rd5 28. Kh2 f5 29. Nd2 Bg5 30. f4 Bf6 31. Nxe6 Nxe6 32. Nxe4 fxe4 33. Qxb3 Nc7 34. Qc4 e3 35. Qxc7 e2 36. Qc4 e1=Q 37. Qxd5+ Kf8 38. b4 g5 39. Qf5 Kg7 40. b5 Qe3 41. fxg5 hxg5 42. a4 Be5 43. Qd7+ Kf6 44. Qd8+ Kf5 45. Qd7+ Ke4 46. Qg4+ Kd3 47. Qf3 g4 48. Qxg4 Qh6+ 49. Qh3 Qg5 50. Kg1 Bxg3 51. Qd7+ Kc3 52. Qc6+ Kb4 53. Qe4+ Ka5 54. Kf1 Qd2 55. Qa8+ Kb4 56. Qe4+ Ka5 57. Qa8+ Kb4 58. Qe4+ Ka5 1/2-1/2

[Event "Montreal-B"]
[Site "Montreal CAN"]
[Date "2004.08.05"]
[Round "2"]
[White "Lawson, Eric"]
[Black "Krnan, Tomas"]
[Result "1-0"]
[WhiteElo "2276"]
[BlackElo "2331"]
[PlyCount "103"]
[GameId "2160767911086473"]
[EventDate "2004.08.04"]
[EventType "tourn"]
[EventRounds "11"]
[EventCountry "CAN"]
[EventCategory "8"]
[SourceTitle "CBM 101 Extra"]
[Source "ChessBase"]
[SourceDate "2004.09.01"]
[SourceVersion "2"]
[SourceVersionDate "2004.09.01"]
[SourceQuality "1"]

1. e4 d5 2. exd5 Nf6 3. c4 c6 4. d4 cxd5 5. Nc3 e6 6. Nf3 Be7 7. Bf4 O-O 8. c5 b6 9. b4 a5 10. a3 Nh5 11. Bxb8 Rxb8 12. Ne5 Nf4 13. g3 Ng6 14. Nc6 Qc7 15. Nxb8 Qxb8 16. Bg2 Bf6 17. Rb1 Qc7 18. O-O bxc5 19. bxc5 Ne7 20. Rb6 Nf5 21. Nb5 Qe7 22. Bh3 Nxd4 23. Nxd4 Qxc5 24. Rb5 Qxd4 25. Qxd4 Bxd4 26. Rxa5 Bc3 27. Ra8 Bd7 28. Rxf8+ Kxf8 29. Rb1 d4 30. Bf1 e5 31. Bd3 f5 32. Rb7 Be6 33. f3 Bd5 34. Rb5 Bxf3 35. Rxe5 g6 36. a4 Be4 37. Bxe4 d3 38. Re6 fxe4 39. Rxe4 d2 40. Rf4+ Ke7 41. Rf1 Kd6 42. Kf2 Kc5 43. Rb1 Kc4 44. Ke2 Bb4 45. Kd1 Kc3 46. g4 h5 47. gxh5 gxh5 48. h4 Kc4 49. Kc2 Be7 50. a5 Bxh4 51. a6 Bf2 52. Rb7 1-0

[Event "Montreal-B"]
[Site "Montreal CAN"]
[Date "2004.08.05"]
[Round "2"]
[White "Tseitlin, Mark D"]
[Black "Barbeau, Sylvain"]
[Result "0-1"]
[WhiteElo "2484"]
[BlackElo "2404"]
[PlyCount "142"]
[GameId "2160767911086476"]
[EventDate "2004.08.04"]
[EventType "tourn"]
[EventRounds "11"]
[EventCountry "CAN"]
[EventCategory "8"]
[SourceTitle "CBM 101 Extra"]
[Source "ChessBase"]
[SourceDate "2004.09.01"]
[SourceVersion "2"]
[SourceVersionDate "2004.09.01"]
[SourceQuality "1"]

1. e4 e5 2. Nf3 Nc6 3. Bb5 a6 4. Ba4 d6 5. O-O Bg4 6. c3 Qf6 7. Bxc6+ bxc6 8. d4 Bxf3 9. Qxf3 Qxf3 10. gxf3 exd4 11. cxd4 g6 12. Nc3 Bg7 13. Be3 Ne7 14. Rac1 Kd7 15. f4 Rhb8 16. b3 Rb4 17. Rfd1 Re8 18. Rc2 Nc8 19. f3 Ne7 20. Kf2 Bf6 21. Ke2 Bg7 22. Kd3 Rc8 23. Na4 Rb5 24. Rg1 Bh8 25. Nc3 Rb4 26. Rg5 Bf6 27. Ra5 Ra8 28. Rg2 Rbb8 29. Rg3 Rg8 30. Rh3 Rh8 31. Na4 Bg7 32. Nc3 Bf6 33. Nd1 Bg7 34. Nf2 h5 35. Rg3 Bf6 36. Rg1 Rhb8 37. Ra4 Rb5 38. Rc1 Bg7 39. Rcc4 Nc8 40. Rc2 Nb6 41. Ra3 Bf8 42. Bd2 a5 43. Be3 d5 44. Rc5 Bxc5 45. dxc5 Nc8 46. Nd1 dxe4+ 47. fxe4 Ne7 48. Nc3 Rbb8 49. Bd2 f5 50. e5 g5 51. fxg5 Ng6 52. Ne2 Nxe5+ 53. Kc2 Nf3 54. Bxa5 Re8 55. Nf4 Re4 56. Nxh5 Rh4 57. Ng3 Rxh2+ 58. Kd3 f4 59. Ne4 Ke6 60. Ra4 Kf5 61. Bxc7 Rxa4 62. bxa4 Nxg5 63. Nd2 Rh3+ 64. Kc4 Ne4 65. Nb3 Rc3+ 66. Kd4 f3 67. Bg3 Rc2 68. Be1 f2 69. Bxf2 Rxf2 70. Kd3 Ke5 71. Na5 Kd5 0-1

[Event "Montreal-B"]
[Site "Montreal CAN"]
[Date "2004.08.06"]
[Round "3"]
[White "Arencibia Rodriguez, Walter"]
[Black "Mikhalevski, Victor"]
[Result "0-1"]
[WhiteElo "2531"]
[BlackElo "2551"]
[PlyCount "128"]
[GameId "2160767911086477"]
[EventDate "2004.08.04"]
[EventType "tourn"]
[EventRounds "11"]
[EventCountry "CAN"]
[EventCategory "8"]
[SourceTitle "CBM 101 Extra"]
[Source "ChessBase"]
[SourceDate "2004.09.01"]
[SourceVersion "2"]
[SourceVersionDate "2004.09.01"]
[SourceQuality "1"]

1. d4 Nf6 2. Nf3 g6 3. g3 Bg7 4. Bg2 O-O 5. O-O d5 6. c4 c6 7. cxd5 cxd5 8. Ne5 Ng4 9. Nxg4 Bxg4 10. Nc3 Nc6 11. h3 Bd7 12. e3 e6 13. b3 Qa5 14. Bb2 Ne7 15. Qe1 Nf5 16. Rc1 Rfc8 17. g4 Nd6 18. f3 Rc6 19. Rf2 Rac8 20. Bf1 Qd8 21. Rfc2 e5 22. Bd3 exd4 23. Nxd5 Rxc2 24. Rxc2 Rxc2 25. Bxc2 Bc6 26. e4 Bxd5 27. exd5 Qg5 28. Be4 Qe5 29. Ba3 Bf8 30. Bxd6 Bxd6 31. Qf2 b6 32. Kf1 Bc5 33. Bd3 Qxd5 34. Qe2 Qg5 35. Qe4 Qc1+ 36. Kg2 Bd6 37. h4 Qd2+ 38. Qe2 Qf4 39. Kf1 Qg3 40. h5 Bf4 41. hxg6 hxg6 42. Bc4 Kg7 43. a4 Qh3+ 44. Ke1 Qh1+ 45. Qf1 Qh2 46. Qd3 Qg1+ 47. Ke2 Qa1 48. Qc2 Qg1 49. Qd3 a5 50. Qd1 Qe3+ 51. Kf1 Qc3 52. Kg2 Be3 53. Qd3 Qe1 54. Qf1 Qh4 55. Be2 Kf8 56. Bc4 Kg8 57. Qe2 Kg7 58. Qb2 Qe1 59. Bf1 Kh6 60. Qe2 Qh4 61. Qc2 Kg5 62. Bb5 Qe1 63. Qe2 Qg1+ 64. Kh3 Bf4 0-1

[Event "Montreal-B"]
[Site "Montreal CAN"]
[Date "2004.08.06"]
[Round "3"]
[White "Barbeau, Sylvain"]
[Black "Lawson, Eric"]
[Result "0-1"]
[WhiteElo "2404"]
[BlackElo "2276"]
[PlyCount "142"]
[GameId "2160767911086478"]
[EventDate "2004.08.04"]
[EventType "tourn"]
[EventRounds "11"]
[EventCountry "CAN"]
[EventCategory "8"]
[SourceTitle "CBM 101 Extra"]
[Source "ChessBase"]
[SourceDate "2004.09.01"]
[SourceVersion "2"]
[SourceVersionDate "2004.09.01"]
[SourceQuality "1"]

1. e4 c5 2. Nf3 Nc6 3. d4 cxd4 4. Nxd4 Nf6 5. Nc3 e5 6. Ndb5 d6 7. Bg5 a6 8. Na3 b5 9. Bxf6 gxf6 10. Nd5 Bg7 11. Bd3 Ne7 12. Nxe7 Qxe7 13. O-O O-O 14. c3 f5 15. Nc2 Rb8 16. exf5 e4 17. Re1 Bxf5 18. Bf1 a5 19. a3 Kh8 20. Qd5 Qe5 21. Rad1 Rb6 22. Qxe5 Bxe5 23. Nd4 Bg4 24. Be2 Bd7 25. g3 b4 26. axb4 axb4 27. f4 Bg7 28. Bf1 f5 29. Rd2 bxc3 30. bxc3 Rc8 31. c4 h5 32. Kf2 Rb2 33. Ree2 Rxc4 34. Nxf5 Bxf5 35. Rxb2 Bd4+ 36. Kg2 Bxb2 37. Rxb2 Rc1 38. Be2 d5 39. Bxh5 d4 40. g4 Bc8 41. Bg6 e3 42. Bd3 Bxg4 43. Rb4 Bf5 44. Bxf5 e2 45. Rb8+ Kg7 46. Re8 e1=Q 47. Rxe1 Rxe1 48. Kf2 Re3 49. h3 Kf6 50. Bg4 Re4 51. Be2 Rxf4+ 52. Ke1 Ke5 53. Kd2 Re4 54. Bg4 Re3 55. Bd7 Ra3 56. Bc8 Ra8 57. Bd7 Ra7 58. Bb5 Rh7 59. Bf1 Rf7 60. Be2 Ke4 61. Bd3+ Kd5 62. Ke2 Ra7 63. Bf5 Kc4 64. h4 Kc3 65. h5 Ra5 66. Bg6 Rg5 67. Kf3 d3 68. Kf4 d2 69. Kxg5 d1=Q 70. Kh6 Qd7 71. Bh7 Kd4 0-1

[Event "Montreal-B"]
[Site "Montreal CAN"]
[Date "2004.08.06"]
[Round "3"]
[White "Garcia, Gildardo"]
[Black "Krush, Irina"]
[Result "0-1"]
[WhiteElo "2461"]
[BlackElo "2459"]
[PlyCount "60"]
[GameId "2160767911086479"]
[EventDate "2004.08.04"]
[EventType "tourn"]
[EventRounds "11"]
[EventCountry "CAN"]
[EventCategory "8"]
[SourceTitle "CBM 101 Extra"]
[Source "ChessBase"]
[SourceDate "2004.09.01"]
[SourceVersion "2"]
[SourceVersionDate "2004.09.01"]
[SourceQuality "1"]

1. e4 e5 2. Nf3 Nf6 3. d4 Nxe4 4. Bd3 d5 5. Nxe5 Nd7 6. Nxd7 Bxd7 7. O-O Bd6 8. Nc3 Nxc3 9. bxc3 O-O 10. Qh5 f5 11. Re1 Qf6 12. Bg5 Qf7 13. Qxf7+ Kxf7 14. c4 dxc4 15. Bxc4+ Kg6 16. Be7 Rfe8 17. Bxd6 cxd6 18. Bd5 Rac8 19. Rxe8 Bxe8 20. Re1 Bf7 21. Bxb7 Rxc2 22. g4 Rxa2 23. Re7 Rd2 24. Bc8 Rd1+ 25. Kg2 Bd5+ 26. f3 fxg4 27. Bxg4 Rxd4 28. Kf2 h5 29. Ke3 Rd1 30. Bc8 Re1+ 0-1

[Event "Montreal-B"]
[Site "Montreal CAN"]
[Date "2004.08.06"]
[Round "3"]
[White "Stripunsky, Alexander"]
[Black "Teplitsky, Yan"]
[Result "1/2-1/2"]
[WhiteElo "2553"]
[BlackElo "2440"]
[PlyCount "210"]
[GameId "2160767911086482"]
[EventDate "2004.08.04"]
[EventType "tourn"]
[EventRounds "11"]
[EventCountry "CAN"]
[EventCategory "8"]
[SourceTitle "CBM 101 Extra"]
[Source "ChessBase"]
[SourceDate "2004.09.01"]
[SourceVersion "2"]
[SourceVersionDate "2004.09.01"]
[SourceQuality "1"]

1. e4 c5 2. Nc3 Nc6 3. Bb5 Nd4 4. Bc4 d6 5. Nf3 Nf6 6. h3 e6 7. O-O Be7 8. Re1 O-O 9. d3 Nxf3+ 10. Qxf3 Bd7 11. a4 Bc6 12. Bb5 Rc8 13. Bf4 Re8 14. Bxc6 Rxc6 15. Rad1 Nd7 16. Qg3 Bh4 17. Qh2 a6 18. Bd2 Ne5 19. Rf1 Rc8 20. Ne2 Nc6 21. c3 d5 22. Qf4 Bf6 23. Ng3 g6 24. Qg4 Bg7 25. Bg5 f6 26. Bc1 f5 27. Qe2 Qc7 28. Rfe1 Qf7 29. Nf1 fxe4 30. dxe4 d4 31. Qc2 e5 32. c4 Nb4 33. Qe2 Red8 34. b3 b5 35. axb5 axb5 36. Bd2 Nc2 37. Ba5 Nxe1 38. Bxd8 Nxg2 39. Bg5 Nf4 40. Bxf4 exf4 41. Nh2 b4 42. Qg4 Re8 43. Kg2 h6 44. Ra1 d3 45. Ra6 Bc3 46. Nf3 Kh7 47. Rd6 Rxe4 48. Rxd3 Bd4 49. Rd2 Qb7 50. Kh2 Qf7 51. Ra2 Kg7 52. Qc8 Re8 53. Qg4 Re7 54. Kg2 Qf6 55. Qc8 Qf8 56. Qxf8+ Kxf8 57. Nxd4 cxd4 58. Rd2 Re1 59. Rxd4 Rb1 60. Rxf4+ Ke7 61. Rf3 Ke6 62. Rd3 Ke5 63. Kf3 Rb2 64. h4 Rb1 65. Re3+ Kf5 66. Kg2 Kf4 67. Rd3 Ke4 68. Rg3 Kf5 69. Re3 Kf4 70. c5 Rc1 71. Re6 Rxc5 72. Rb6 Rc3 73. Rxb4+ Kf5 74. f3 Rc2+ 75. Kg3 Rb2 76. Rf4+ Ke5 77. Re4+ Kf5 78. b4 Rc2 79. Re7 Rc4 80. Rb7 h5 81. Rf7+ Ke5 82. Re7+ Kf5 83. Re4 Rc2 84. Rd4 Ke5 85. Rf4 Rb2 86. Rc4 Kf5 87. Rc5+ Kf6 88. Rb5 Rc2 89. Rc5 Rb2 90. Rc4 Kf5 91. Rc5+ Kf6 92. b5 Rb4 93. Rc6+ Kf5 94. b6 Rb2 95. Rd6 Rb4 96. Kf2 Rb3 97. Rc6 g5 98. Rc5+ Kf4 99. Rxg5 Rb2+ 100. Kg1 Rxb6 101. Kg2 Rb2+ 102. Kh3 Kxf3 103. Rxh5 Kf4 104. Rg5 Rb3+ 105. Kg2 Rb2+ 1/2-1/2

[Event "Montreal-B"]
[Site "Montreal CAN"]
[Date "2004.08.07"]
[Round "4"]
[White "Arencibia Rodriguez, Walter"]
[Black "Stripunsky, Alexander"]
[Result "1-0"]
[WhiteElo "2531"]
[BlackElo "2553"]
[PlyCount "153"]
[GameId "2160767911086483"]
[EventDate "2004.08.04"]
[EventType "tourn"]
[EventRounds "11"]
[EventCountry "CAN"]
[EventCategory "8"]
[SourceTitle "CBM 101 Extra"]
[Source "ChessBase"]
[SourceDate "2004.09.01"]
[SourceVersion "2"]
[SourceVersionDate "2004.09.01"]
[SourceQuality "1"]

1. d4 d5 2. c4 c6 3. Nf3 Nf6 4. Nc3 e6 5. Bg5 h6 6. Bxf6 Qxf6 7. e3 Nd7 8. Bd3 dxc4 9. Bxc4 g6 10. O-O Qe7 11. e4 Bg7 12. e5 O-O 13. Re1 b6 14. Qe2 a6 15. Bd3 Bb7 16. Be4 b5 17. a3 Nb6 18. Rac1 Rfc8 19. Na2 Ra7 20. Nb4 c5 21. Bxb7 Rxb7 22. dxc5 Rxc5 23. Nxa6 Rxc1 24. Rxc1 Nd5 25. g3 Rb6 26. Nc5 Qa7 27. Ne4 Rb8 28. h4 b4 29. axb4 Qb6 30. h5 gxh5 31. Rc4 Qa6 32. Nc5 Qa1+ 33. Kg2 Qb1 34. Nd3 Rd8 35. b5 Nb6 36. Rd4 Rc8 37. Nfe1 Nc4 38. Qxh5 Qa1 39. Rd7 Rf8 40. Nf3 Qd1 41. Rd4 Qc2 42. Nfe1 Qb3 43. Qg4 Rc8 44. b6 Nxb6 45. Rb4 Qd5+ 46. Qf3 Qxf3+ 47. Kxf3 Nc4 48. Rb5 Ra8 49. b3 Nd2+ 50. Ke3 Ra2 51. Rb8+ Kh7 52. Nf3 Nf1+ 53. Kd4 f6 54. Rb7 fxe5+ 55. Nfxe5 Re2 56. Nf4 Rd2+ 57. Kc5 Kg8 58. Ng4 h5 59. Nxe6 Bf8+ 60. Nxf8 hxg4 61. Ne6 Rxf2 62. Rg7+ Kh8 63. Rxg4 Rf3 64. b4 Nxg3 65. b5 Rc3+ 66. Kb4 Re3 67. Nc5 Nf5 68. b6 Re8 69. Kb5 Rc8 70. Nb7 Kh7 71. Rc4 Rb8 72. Ka6 Ra8+ 73. Kb5 Rb8 74. Rc7+ Kg6 75. Rd7 Kf6 76. Nd8 Kg5 77. Nc6 1-0

[Event "Montreal-B"]
[Site "Montreal CAN"]
[Date "2004.08.07"]
[Round "4"]
[White "Divljan, Igor"]
[Black "Barbeau, Sylvain"]
[Result "1/2-1/2"]
[WhiteElo "2317"]
[BlackElo "2404"]
[PlyCount "133"]
[GameId "2160767911086484"]
[EventDate "2004.08.04"]
[EventType "tourn"]
[EventRounds "11"]
[EventCountry "CAN"]
[EventCategory "8"]
[SourceTitle "CBM 101 Extra"]
[Source "ChessBase"]
[SourceDate "2004.09.01"]
[SourceVersion "2"]
[SourceVersionDate "2004.09.01"]
[SourceQuality "1"]

1. d4 Nf6 2. c4 g6 3. Nc3 d5 4. Nf3 Bg7 5. Bg5 Ne4 6. cxd5 Nxg5 7. Nxg5 e6 8. Qd2 exd5 9. Qe3+ Kf8 10. Qf4 Bf6 11. h4 h6 12. Nxd5 Bxg5 13. Qe5 Rh7 14. hxg5 Nc6 15. Qe4 Bf5 16. Qf3 Nxd4 17. Qa3+ Kg7 18. Ne3 Qxg5 19. Qc3 Qf6 20. O-O-O Ne6 21. Nxf5+ gxf5 22. e3 Qxc3+ 23. bxc3 Rhh8 24. Rd5 Kf6 25. Bd3 Ng7 26. Kc2 Rae8 27. Rb5 b6 28. Rb4 Re5 29. Ra4 a5 30. Rc4 c5 31. Rch4 h5 32. g3 Rd8 33. Rb1 Re6 34. Rhh1 Red6 35. Rhd1 Kg6 36. Be2 Rxd1 37. Bxd1 Rd6 38. Bf3 Ne8 39. e4 fxe4 40. Bxe4+ f5 41. Bd3 Re6 42. Bc4 Rf6 43. Be2 Kg5 44. Kd3 Rd6+ 45. Ke3 Nf6 46. Bf3 Re6+ 47. Kd3 f4 48. Kc4 fxg3 49. fxg3 Ne4 50. Bxe4 Rxe4+ 51. Kd5 Re3 52. c4 Rxg3 53. Rxb6 Ra3 54. Rb2 h4 55. Kxc5 h3 56. Kd4 Rg3 57. c5 Rg2 58. Rb8 Rxa2 59. Rg8+ Kf4 60. Rf8+ Kg3 61. Rg8+ Kf2 62. Rh8 Kg2 63. Rg8+ Kf1 64. Rh8 h2 65. c6 Kg1 66. Kd3 Ra3+ 67. Kd2 1/2-1/2

[Event "Montreal-B"]
[Site "Montreal CAN"]
[Date "2004.08.07"]
[Round "4"]
[White "Krush, Irina"]
[Black "Krnan, Tomas"]
[Result "1/2-1/2"]
[WhiteElo "2459"]
[BlackElo "2331"]
[PlyCount "53"]
[GameId "2160767911086485"]
[EventDate "2004.08.04"]
[EventType "tourn"]
[EventRounds "11"]
[EventCountry "CAN"]
[EventCategory "8"]
[SourceTitle "CBM 101 Extra"]
[Source "ChessBase"]
[SourceDate "2004.09.01"]
[SourceVersion "2"]
[SourceVersionDate "2004.09.01"]
[SourceQuality "1"]

1. d4 g6 2. c4 Bg7 3. e4 d6 4. Nc3 e5 5. d5 f5 6. exf5 Bxf5 7. g4 Bd7 8. h4 Nf6 9. Be2 h5 10. Qc2 O-O 11. Qxg6 Bxg4 12. Bh6 Qd7 13. Nh3 Bf5 14. Qg5 Bxh3 15. Rxh3 Ng4 16. Bxg4 hxg4 17. Rg3 Rf4 18. f3 Na6 19. Rxg4 Rxg4 20. fxg4 Rf8 21. Qg6 Rf6 22. Qxg7+ Qxg7 23. Bxg7 Kxg7 24. Ne2 Nc5 25. Kd2 Rf3 26. Rg1 Ne4+ 27. Kc2 1/2-1/2

[Event "Montreal-B"]
[Site "Montreal CAN"]
[Date "2004.08.07"]
[Round "4"]
[White "Mikhalevski, Victor"]
[Black "Tseitlin, Mark D"]
[Result "1-0"]
[WhiteElo "2551"]
[BlackElo "2484"]
[PlyCount "113"]
[GameId "2160767911086487"]
[EventDate "2004.08.04"]
[EventType "tourn"]
[EventRounds "11"]
[EventCountry "CAN"]
[EventCategory "8"]
[SourceTitle "CBM 101 Extra"]
[Source "ChessBase"]
[SourceDate "2004.09.01"]
[SourceVersion "2"]
[SourceVersionDate "2004.09.01"]
[SourceQuality "1"]

1. d4 Nf6 2. c4 g6 3. Nc3 d5 4. Nf3 Bg7 5. cxd5 Nxd5 6. e4 Nxc3 7. bxc3 c5 8. Rb1 O-O 9. Be2 b6 10. O-O Bb7 11. Qd3 Ba6 12. Qe3 Qd7 13. d5 Qa4 14. Rb3 Bxe2 15. Qxe2 e6 16. c4 Re8 17. e5 Nd7 18. Ra3 Qb4 19. Re3 b5 20. dxe6 fxe6 21. cxb5 Rab8 22. Rd1 Nb6 23. Ba3 Qa4 24. Bxc5 Nd5 25. Rb3 Rbc8 26. Bd4 Rc4 27. g3 Rec8 28. Rb2 Bh6 29. Kg2 Rc2 30. Rxc2 Rxc2 31. Qd3 Rxa2 32. Rb1 Ra3 33. Qe4 Qc4 34. Qg4 Kg7 35. Re1 Ra2 36. Kg1 Be3 37. Qh4 Bxd4 38. Nxd4 Qc8 39. Qh3 Qc3 40. Nxe6+ Kg8 41. Qf1 Rb2 42. Ng5 h6 43. Ne4 Qb4 44. Nd6 Ne3 45. Rxe3 Rb1 46. e6 Rxf1+ 47. Kxf1 Qxd6 48. e7 Qd1+ 49. Re1 Qxe1+ 50. Kxe1 Kf7 51. Kd2 Kxe7 52. Kc3 Kd6 53. Kb4 h5 54. Ka5 Kd5 55. Ka6 Kc5 56. f4 Kc4 57. h3 1-0

[Event "Montreal-B"]
[Site "Montreal CAN"]
[Date "2004.08.07"]
[Round "4"]
[White "Teplitsky, Yan"]
[Black "Garcia, Gildardo"]
[Result "0-1"]
[WhiteElo "2440"]
[BlackElo "2461"]
[PlyCount "100"]
[GameId "2160767911086488"]
[EventDate "2004.08.04"]
[EventType "tourn"]
[EventRounds "11"]
[EventCountry "CAN"]
[EventCategory "8"]
[SourceTitle "CBM 101 Extra"]
[Source "ChessBase"]
[SourceDate "2004.09.01"]
[SourceVersion "2"]
[SourceVersionDate "2004.09.01"]
[SourceQuality "1"]

1. Nf3 Nf6 2. c4 c5 3. Nc3 Nc6 4. g3 g6 5. Bg2 Bg7 6. d4 cxd4 7. Nxd4 Qb6 8. Nb3 d6 9. O-O O-O 10. Be3 Qb4 11. c5 Be6 12. cxd6 Rfd8 13. Bc5 Qc4 14. Rc1 exd6 15. Be3 Qb4 16. Nd4 Ng4 17. Nxc6 bxc6 18. Bg5 Rdc8 19. h3 Ne5 20. Ne4 d5 21. Nc5 Qxb2 22. Rc2 Qb4 23. Bd2 Qb6 24. Be3 Bf5 25. Rc1 Qd8 26. Bd4 h5 27. Re1 Rab8 28. Qa4 a5 29. a3 Rb5 30. Qd1 Rcb8 31. Na6 Rc8 32. Nc5 Qd6 33. Bf1 Rbb8 34. Bg2 Re8 35. Kh2 Nd3 36. Nxd3 Bxd4 37. Qa4 c5 38. e3 Bxe3 39. Nxc5 Bxc1 40. Rxe8+ Rxe8 41. Qxe8+ Kg7 42. Nb3 Bxa3 43. Nxa5 Qe6 44. Qxe6 fxe6 45. h4 Kf6 46. Kg1 Bc2 47. Nc6 Bc5 48. Bh3 Ba4 49. Nd8 Bd7 50. Nb7 Bb6 0-1